000
00175 a2200073 4500
020
_a
9781415007044
082
_2
23
_a
XHO JF MHLO
245
_a
UMazanendaba neQokombe lamaBali oMlingo
999
_c
784149
_d
784148
942
_w
8485
_x
Julia Mabuza
_y
8485
_z
Julia Mabuza